MARC

Tag First Indicator Second Indicator Subfields
LEADER 00000cam a2200000 a 4500
001 in00005742621
005 20260326174724.1
006 m o d
007 cr bn||||||ada
008 100503s1993 caua ob 101 0 eng d
010 |z  92019279  
040 |a OCLCE  |b eng  |e pn  |c OCLCE  |d OCLCQ  |d OCLCF  |d OCLCO  |d OPELS  |d OCLCQ  |d OCLCO  |d OCLCA  |d UKAHL  |d OCLCA  |d VT2  |d LUN  |d OCLCQ  |d OCLCO  |d INARC  |d S2H  |d OCLCO  |d COM  |d OCLCO  |d OCL  |d OCLCQ  |d OCLCO  |d OCLCL  |d OCLCA 
019 |a 637201973  |a 637201988  |a 893873361  |a 974614976  |a 974670171  |a 988560150  |a 1100889042  |a 1156380657  |a 1280898106 
020 |a 9781483221175  |q (e-book) 
020 |a 1483221172 
020 |z 1558602488 
020 |z 9781558602489 
020 |z 9781483207742 
035 |a (OCoLC)610573335  |z (OCoLC)637201973  |z (OCoLC)637201988  |z (OCoLC)893873361  |z (OCoLC)974614976  |z (OCoLC)974670171  |z (OCoLC)988560150  |z (OCoLC)1100889042  |z (OCoLC)1156380657  |z (OCoLC)1280898106 
042 |a dlr 
050 4 |a Q325.5  |b .M323 1993 
082 0 4 |a 006.3/1  |2 20 
084 |a 54.72  |2 bcl 
049 |a TXAM 
245 0 0 |a Machine learning methods for planning /  |c edited by Steven Minton. 
260 |a San Mateo, Calif. :  |b M. Kaufmann,  |c ©1993. 
300 |a 1 online resource (xiii, 540 pages) :  |b illustrations 
336 |a text  |b txt  |2 rdacontent 
337 |a computer  |b c  |2 rdamedia 
338 |a online resource  |b cr  |2 rdacarrier 
490 1 |a The Morgan Kaufmann series in machine learning 
504 |a Includes bibliographical references and index. 
538 |a Master and use copy. Digital master created according to Benchmark for Faithful Digital Reproductions of Monographs and Serials, Version 1. Digital Library Federation, December 2002.  |u http://purl.oclc.org/DLF/benchrepro0212  |5 MiAaHDL 
583 1 |a digitized  |c 2010  |h HathiTrust Digital Library  |l committed to preserve  |2 pda  |5 MiAaHDL 
505 0 |a Actas del Symposium on Learning Methods for Planning Systems, held Jan. 5-6, 1991, at Stanford University. 
588 0 |a Print version record. 
650 0 |a Machine learning. 
650 0 |a Artificial intelligence. 
650 2 |a Artificial Intelligence 
650 2 |a Machine Learning 
650 6 |a Apprentissage automatique. 
650 6 |a Intelligence artificielle. 
650 7 |a artificial intelligence.  |2 aat 
650 7 |a Artificial intelligence  |2 fast 
650 7 |a Machine learning  |2 fast 
650 7 |a Aufsatzsammlung  |2 gnd 
650 7 |a Maschinelles Lernen  |2 gnd 
650 7 |a Planung  |2 gnd 
650 1 7 |a Machine-learning.  |2 gtt 
650 1 7 |a Planning.  |2 gtt 
650 7 |a Intelligence artificielle.  |2 ram 
650 7 |a Apprentissage automatique.  |2 ram 
655 7 |a Electronic books.  |2 local 
655 2 |a Congress 
655 7 |a proceedings (reports)  |2 aat 
655 7 |a Conference papers and proceedings  |2 fast 
655 7 |a Conference papers and proceedings.  |2 lcgft 
655 7 |a Actes de congrès.  |2 rvmgf 
700 1 |a Minton, Steven. 
710 2 |a ScienceDirect (Online service) 
711 2 |a Symposium on Learning Methods for Planning Systems  |d (1991 :  |c Stanford University) 
758 |i has work:  |a Machine learning methods for planning (Text)  |1 https://id.oclc.org/worldcat/entity/E39PCFHTPJcxhx6JbQKJmhg4tq  |4 https://id.oclc.org/worldcat/ontology/hasWork 
776 0 8 |i Print version:  |t Machine learning methods for planning.  |d San Mateo, Calif. : M. Kaufmann, ©1993  |w (DLC) 92019279  |w (OCoLC)25965299 
830 0 |a Morgan Kaufmann series in machine learning. 
856 4 0 |u http://proxy.library.tamu.edu/login?url=https://www.sciencedirect.com/science/book/9781483207742  |z Connect to the full text of this electronic book  |t 0 
955 |a Elsevier ScienceDirect 2026-2027 
994 |a 92  |b TXA 
999 f f |i 1a3ae0be-ac93-4a76-bc68-b2d705a19b56  |s 79430002-0018-4f4d-92f4-2c12f6daaf10  |t 0 
952 f f |a Texas A&M University  |b College Station  |c Electronic Resources  |s www_evans  |d Available Online  |t 0  |e Q325.5 .M323 1993  |h Library of Congress classification 
998 f f |a Q325.5 .M323 1993  |t 0  |l Available Online